Statistics for Doors Quiz

Click here to take the quiz!

General Stats

  • This quiz has been taken 31 times
  • The average score is 11 of 12

Answer Stats

HintAnswer% Correct
Rebound.Ambush
100%
Door 50 and 100Figure
100%
Error.Glitch
100%
OOGA BOOGAJack
100%
Almost any doorRush
100%
Psst!Screech
100%
RUN!Seek
100%
Pac-Man ghostHalt
89%
Eviction NoticeHide
89%
He can see everythingEyes
84%
Jumpscares mostTimothy
84%
Lights.Guiding Light
63%

Score Distribution

Percentile by Number Answered

Percent of People with Each Score

Your Score History

You have not taken this quiz